| 000 | 00514cam a22001457a 4500 | ||
|---|---|---|---|
| 999 |
_c513354 _d513354 |
||
| 008 | 180718b-- xxu||||| |||| 00| 0 eng d | ||
| 082 | _aL906x54221 G/2017-18 | ||
| 245 | _aAccounts at a glance, Chhattisgarh | ||
| 260 |
_aRaipur _bAccountant General _c2018 |
||
| 300 | _a43p. | ||
| 500 | _aLibrary has 2005/06-2006/07 (Hindi), 2007/08 (Hindi), 2009/10-2010/11 (Hindi),2017/18. | ||
| 650 |
_aChhattisgarh - Appropriations and expenditures _916061 |
||
| 700 |
_aChhattisgarh. Accountant General _916062 |
||
| 942 | _2ddc | ||